000 00597nam a2200205 a 4500
001 000030391
003 DO-SdBNP
005 20220920104620.0
007 ta
008 110516s2012 dr 000 0 spa d
040 _aDO-SdBNP
_bspa
_cBNPHU
082 _axxx
_bC748r
111 1 _aConferencia del Episcopado Dominicano
_957026
245 1 0 _aRenovación carismática católica dominicana (RCCD) :
_bestatutos
260 _aSanto Domingo :
_bConferencia del Episcopado Dominicano,
_c2012.
300 _a48 p. ;
_c22 cm.
590 _aInventariado, 2022 / DG
910 _aDG
942 _2ddc
_cLF2
999 _c52423
_d52423